[Event "Krakow op-A 28th"]
[White "Saperas Lafarga, Joan Lluis"]
[Black "Kornitzky, Tino"]
[Site "Krakow"]
[Round "9"]
[Result "0-1"]
[Date "2018.01.04"]
[WhiteElo "2112"]
[BlackElo "1924"]
[PlyCount "60"]
[EventDate "2017.12.27"]
[EventType "swiss"]
[EventRounds "9"]
[EventCountry "POL"]
[SourceTitle "CBM 182 Extra"]
[Source "ChessBase"]
[SourceDate "2018.02.23"]
[SourceVersion "1"]
[SourceVersionDate "2018.02.23"]
[SourceQuality "1"]

1. e4 d5 2. e5 Bf5 3. d4 e6 4. Bd3 Bxd3 5. Qxd3 c5 6. c3 Nc6 7. Ne2 Nge7 8. 0-0 Nf5 9. Nd2 Qb6 10. Nf3 Be7 11. dxc5 Qxc5 12. b3 0-0 13. a4 Qb6 14. b4 f6 15. g4 fxe5 16. gxf5 e4 17. Qd1 exf3 18. Ng3 Bf6 19. Qxf3 d4 20. b5 Ne5 21. Qe4 exf5 22. Nxf5 dxc3 23. Ba3 Rfd8 24. Ne7+ Kh8 25. Nd5 Qe6 26. Nc7 Qh3 27. f3 Rd2 28. Rf2 Rxf2 29. Kxf2 Qxh2+ 30. Ke1 Bh4+ 0-1

[Event "Krakow op-A 28th"]
[White "Ratsma, Rosa"]
[Black "Saperas Lafarga, Joan Lluis"]
[Site "Krakow"]
[Round "6"]
[Result "1-0"]
[Date "2017.12.31"]
[WhiteElo "2295"]
[BlackElo "2112"]
[PlyCount "133"]
[EventDate "2017.12.27"]
[EventType "swiss"]
[EventRounds "9"]
[EventCountry "POL"]
[SourceTitle "CBM 182 Extra"]
[Source "ChessBase"]
[SourceDate "2018.02.23"]
[SourceVersion "1"]
[SourceVersionDate "2018.02.23"]
[SourceQuality "1"]

1. e4 e6 2. d4 d5 3. Bd3 dxe4 4. Bxe4 Nf6 5. Bf3 Be7 6. Ne2 0-0 7. Nbc3 c6 8. 0-0 Qc7 9. Bf4 Bd6 10. Bxd6 Qxd6 11. Qd3 b6 12. Ne4 Nxe4 13. Bxe4 f5 14. Bf3 Ba6 15. Qe3 Nd7 16. Rfd1 Bxe2 17. Qxe2 Rac8 18. Re1 Rfe8 19. Rad1 Nf6 20. a3 Rcd8 21. g3 Re7 22. c4 Rde8 23. Qe5 Qc7 24. b4 Kf8 25. h3 Kf7 26. g4 h6 27. Kg2 g6 28. Rg1 Rc8 29. Qe3 Kg7 30. Rde1 c5 31. dxc5 bxc5 32. b5 e5 33. gxf5 gxf5 34. Kf1+ Kh7 35. Bd1 e4 36. Bc2 Qe5 37. Qg3 Qxg3 38. Rxg3 Rd8 39. f3 Rd4 40. fxe4 fxe4 41. Rc3 Kg6 42. Ke2 Kf5 43. Rg1 Nh5 44. Ke3 Ke5 45. Rg8 Ng7 46. Ke2 Red7 47. Ke1 Rf7 48. Rg3 Nf5 49. R3g4 Re7 50. Bb3 Rd3 51. Bc2 Re3+ 52. Kd2 Rd7+ 53. Kc1 Re1+ 54. Kb2 Re7 55. Rd8 Nd6 56. Kc3 Re3+ 57. Kd2 Nxc4+ 58. Kd1 Nd6 59. Rg6 Nf5 60. Rg4 Rg7 61. Re8+ Kd4 62. Rgxe4+ Rxe4 63. Rxe4+ Kc3 64. Re5 Rg1+ 65. Ke2 Nd4+ 66. Kf2 Kxc2 67. Rxc5+ 1-0